Premarital Counseling. (Record no. 14687)

000 -LEADER
fixed length control field 00529nam a2200181 a 4500
001 - CONTROL NUMBER
control field :::00012520$&:&@@
003 - CONTROL NUMBER IDENTIFIER
control field OkBaRHE
005 - DATE AND TIME OF LATEST TRANSACTION
control field 20000607103420.0
008 - FIXED-LENGTH DATA ELEMENTS--GENERAL INFORMATION
fixed length control field s1977 j 000 0 eng u
040 ## - CATALOGING SOURCE
Transcribing agency
100 1# - MAIN ENTRY--PERSONAL NAME
Personal name Wright, H. Norman
245 10 - TITLE STATEMENT
Title Premarital Counseling.
260 ## - PUBLICATION, DISTRIBUTION, ETC. (IMPRINT)
Place of publication, distribution, etc Chicago, IL.
Name of publisher, distributor, etc Moody Press
Date of publication, distribution, etc c1977
300 ## - PHYSICAL DESCRIPTION
Extent 215 p. ;
Dimensions : 22 cm.
650 ## - SUBJECT ADDED ENTRY--TOPICAL TERM
Topical term or geographic name as entry element Counseling, Marital
942 ## - ADDED ENTRY ELEMENTS (KOHA)
Source of classification or shelving scheme
Koha item type Books
Copies
Full call number Date acquired Permanent Location Shelving location Barcode Source of classification or shelving scheme Withdrawn status Price effective from Damaged status Date last seen Koha item type Copy number Not for loan Lost status
HQ 734 .W94982010-04-14RHEMA Bible Training CollegeGeneral Stacks12520  2010-04-14 2010-04-14Books1